Trh práce a očakávané zmeny v kontexte procesu globalizácie

Vybrané problémy na trhu práce v Slovenskej republike. Zaostávanie Slovenska za vyspelými krajinami Európskej únie. Porovnanie miery zamestnanosti v EÚ 25 a v SR. Nástroje aktívnej politiky trhu práce. Očakávané zmeny na trhu práce. Zhrnutie základných predpokladov o budúcich trendoch vývoja zamestn...

Ausführliche Beschreibung

Gespeichert in:
Bibliographische Detailangaben
1. Verfasser: Rievajová, Eva
Format: Buchkapitel
Sprache:Slowakisch
Schlagworte:
Tags: Tag hinzufügen
Keine Tags, Fügen Sie das erste Tag hinzu!

MARC

LEADER 00000naa$a2200000$$$4500
001 0107010
005 20240502072201.1
041 0 |a slo 
044 |a SK 
245 1 0 |a Trh práce a očakávané zmeny v kontexte procesu globalizácie  |c Eva Rievajová 
520 |a Vybrané problémy na trhu práce v Slovenskej republike. Zaostávanie Slovenska za vyspelými krajinami Európskej únie. Porovnanie miery zamestnanosti v EÚ 25 a v SR. Nástroje aktívnej politiky trhu práce. Očakávané zmeny na trhu práce. Zhrnutie základných predpokladov o budúcich trendoch vývoja zamestnanosti v SR. 
610 2 0 |a trh práce 
610 2 0 |a zamestnanosť 
610 2 0 |a nezamestnanosť 
610 2 0 |a vzdelanie 
610 2 0 |a kvalifikácia 
610 2 0 |a sily pracovné 
610 2 0 |a mládež 
610 2 0 |a prognózy 
610 2 0 |a Slovensko 
610 2 0 |a Európska únia 
100 1 |a Rievajová, Eva